Naselenije Rossii istoriko-demografičeskoje izmerenije

Bibliographic Details
Other Authors: Žiromskaja, V.B. (Valentina Borisovna) (Compiler)
Format: Book
Language:Russian
PhysicalDescription:294 strán diagramy, mapy, tabuľky 25 cm
Published: Moskva Institut rossijskoj istorii RAN 2016
ISBN:9785805503062
Subjects:

MARC

LEADER 00000nam a2200000 4500
001 vtls011751383
003 SK-MaSNL
005 20260302054228.0
008 180417s2016 ru ab 000 0 rus
020 |a 9785805503062  |q (viazané) 
040 |a SNK  |b slo  |c SNK  |e rda 
041 0 |a rus 
044 |a ru  |c RU 
072 7 |2 konspekt 
080 |2 2011 
245 0 0 |a Naselenije Rossii  |b istoriko-demografičeskoje izmerenije  |c sostavitel' - V.B. Žiromskaja ; redkollegija: Ju.A. Petrov (otvetstvennyj redaktor),V.B. Žiromskaja (otvetstvennyj redaktor), V.A. Tiškov, N.A. Aralovec, S.A. Kropačev 
264 1 |a Moskva  |b Institut rossijskoj istorii RAN  |c 2016 
300 |a 294 strán  |b diagramy, mapy, tabuľky  |c 25 cm 
336 |a text  |b txt  |2 rdacontent 
337 |a bez média  |b n  |2 rdamedia 
338 |a zväzok  |b nc  |2 rdacarrier 
500 |a Krátke informácie o autoroch na strane 294-[295] 
504 |a Bibliografické odkazy ; poznámky 
655 7 |a zborníky  |2 SNKPH  |9 70165 
655 7 |a Papers of several authors  |2 SNKPHeng  |9 153738 
700 1 |a Žiromskaja, V.B.  |q (Valentina Borisovna)  |4 com  |4 lso  |9 713201 
700 1 |a Petrov, Ju. A.  |4 lso  |9 713202 
700 1 |a Tiškov, Valerij Aleksandrovič,  |d 1941-  |4 red  |9 191284 
700 1 |a Aralovec, N. A.  |q (Natal'ja Arkad'jevna)  |4 red  |9 713203 
700 1 |a Kropačev, S. A.  |q (Sergej Aleksandrovič)  |4 red  |9 713204 
919 |a 978-5-8055-0306-2 
999 |c 1112521  |d 1114451 
952 |a SNK  |b SNK  |y VYP  |7 0  |p 17A1330912  |o snkIC 144059  |i snk2018/11781  |8 2  |g 24.36  |0 0  |1 0  |4 0  |d 2018-04-17  |l 0  |r 2026-02-24 18:05:51  |w 2026-02-24